00321nam a2200133Ia 4500008004100000041000800041082001600049100002600065245001700091260003900108300001500147365000700162650001800169210719s1929 xx 000 0 und d aeng a820.22 TAGP aTAGORE (Rabindranath) aPost office. aLondonbMacmillan & Co. Ltd.c1929 avii,88bHB cRs aEnglish Drama